[Event "DEM U10/U10w 2014"]
[Site "Magdeburg GER"]
[Date "2014.06.13"]
[Round "10"]
[White "Musiolik, David"]
[Black "Khamenya, Vitalia"]
[Result "0-1"]
[Termination "normal"]
[Board "15"]
[WhiteElo "1435"]
[BlackElo "1230"]
[PlyCount "62"]
[WhiteFideId "12972355"]
[BlackFideId "12959260"]
[EventCountry "GER"]
[EventRounds "11"]
[EventType "swiss"]
[EventDate "2014.06.07"]

1. d4 g6 2. e3 Bg7 3. Nf3 d6 4. b3 Nd7 5. Bb2 a6 6. Nbd2 e6 7. Bd3 Ne7 8. Qe2
b6 9. O-O h6 10. b4 Bb7 11. c4 g5 12. h3 c5 13. a3 a5 14. Bc3 Qc7 15. Rfc1 Rg8
16. Nf1 Bf6 17. dxc5 dxc5 18. b5 g4 19. hxg4 Rxg4 20. N1h2 Rg8 21. a4 h5 22.
Ra2 h4 23. Bxf6 Nxf6 24. Nxh4 Rh8 25. N4f3 O-O-O 26. g3 Rdg8 27. Qc2 Ng4 28. e4
Nxh2 29. Nxh2 Qf4 30. Kh1 Qf3+ 31. Kg1 Rxh2 0-1

[Event "DEM U10/U10w 2014"]
[Site "Magdeburg GER"]
[Date "2014.06.13"]
[Round "10"]
[White "Meinschien, Finn"]
[Black "Evering, Sören"]
[Result "1-0"]
[Termination "normal"]
[Board "16"]
[WhiteElo "1300"]
[BlackElo "1424"]
[PlyCount "23"]
[WhiteFideId "12989665"]
[BlackFideId "12974650"]
[EventCountry "GER"]
[EventRounds "11"]
[EventType "swiss"]
[EventDate "2014.06.07"]

1. e4 e5 2. Nf3 Nc6 3. d4 exd4 4. Nxd4 Nf6 5. Nc3 Bb4 6. Nxc6 bxc6 7. Bd3 d5 8.
exd5 O-O 9. dxc6 Re8+ 10. Be3 Bg4 11. Qd2 Qe7 12. O-O 1-0

[Event "DEM U10/U10w 2014"]
[Site "Magdeburg GER"]
[Date "2014.06.13"]
[Round "10"]
[White "Bergauz, Igal"]
[Black "Schade, Johannes"]
[Result "1-0"]
[Termination "normal"]
[Board "17"]
[WhiteElo "1783"]
[BlackElo "1304"]
[PlyCount "77"]
[WhiteFideId "12977284"]
[BlackFideId "12958581"]
[EventCountry "GER"]
[EventRounds "11"]
[EventType "swiss"]
[EventDate "2014.06.07"]

1. e4 c5 2. Nf3 Nc6 3. d4 cxd4 4. Nxd4 g6 5. Be3 Bg7 6. Nc3 Nf6 7. f3 O-O 8.
Qd2 e6 9. O-O-O Re8 10. g4 d5 11. Nxc6 bxc6 12. h4 Bb7 13. e5 Nd7 14. h5 Nxe5
15. hxg6 fxg6 16. Qh2 Nf7 17. Qxh7+ Kf8 18. Bc5+ Re7 19. Bxe7+ Qxe7 20. Qxg6
Qg5+ 21. Qxg5 Nxg5 22. f4 d4 23. Na4 Ne4 24. Re1 c5 25. Bg2 Nd6 26. Bxb7 Nxb7
27. Rxe6 Rc8 28. Ra6 c4 29. Rxa7 Nd6 30. Rh7 Bf6 31. g5 Nb5 32. Rab7 Nd6 33.
Rbd7 Ne4 34. gxf6 Nxf6 35. Rh8+ Ng8 36. f5 c3 37. f6 Re8 38. bxc3 dxc3 39. Kd1
1-0

[Event "DEM U10/U10w 2014"]
[Site "Magdeburg GER"]
[Date "2014.06.13"]
[Round "10"]
[White "Kosev, Momchil"]
[Black "Popist, Florian"]
[Result "1/2-1/2"]
[Termination "normal"]
[Board "18"]
[WhiteElo "1483"]
[BlackElo "1245"]
[PlyCount "72"]
[WhiteFideId "12975982"]
[BlackFideId "16203518"]
[EventCountry "GER"]
[EventRounds "11"]
[EventType "swiss"]
[EventDate "2014.06.07"]

1. d4 d5 2. Nf3 e6 3. g3 Nf6 4. Bg2 Be7 5. O-O O-O 6. b3 b6 7. c4 Nbd7 8. Bb2
Bb7 9. Nc3 c5 10. e3 dxc4 11. bxc4 cxd4 12. exd4 Rc8 13. Qa4 a5 14. Rac1 Bc6
15. Nb5 h6 16. Rfd1 Be4 17. Ba3 Bxa3 18. Qxa3 Ne8 19. Re1 Bc6 20. Nd6 Nxd6 21.
Qxd6 Qc7 22. Qxc7 Rxc7 23. d5 Bb7 24. dxe6 Nc5 25. Re3 Nxe6 26. Rb3 Bxf3 27.
Rxf3 Nd4 28. Re3 b5 29. Re4 Rd8 30. c5 b4 31. Rc4 Ne6 32. c6 Rd1+ 33. Bf1 Rd6
34. Re5 Rdxc6 35. Rxc6 Rxc6 36. Rxa5 Nd4 1/2-1/2

[Event "DEM U10/U10w 2014"]
[Site "Magdeburg GER"]
[Date "2014.06.13"]
[Round "10"]
[White "Zeuner, Ole"]
[Black "Ziegenfuß, Antonia"]
[Result "0-1"]
[Termination "normal"]
[Board "19"]
[WhiteElo "1154"]
[BlackElo "1705"]
[PlyCount "114"]
[WhiteFideId "12943576"]
[BlackFideId "12962554"]
[EventCountry "GER"]
[EventRounds "11"]
[EventType "swiss"]
[EventDate "2014.06.07"]

1. e4 e5 2. Nf3 d6 3. Bc4 Nc6 4. O-O Be7 5. Nc3 Nf6 6. d4 Bg4 7. dxe5 Bxf3 8.
Qxf3 Nxe5 9. Qe2 Nxc4 10. Qxc4 O-O 11. Bf4 a6 12. Rad1 Qc8 13. e5 dxe5 14. Bxe5
c6 15. Rfe1 Re8 16. Rd2 Bf8 17. Rde2 Ng4 18. Bg3 Rxe2 19. Rxe2 Qd7 20. h3 Nf6
21. Bf4 b5 22. Qd3 Qxd3 23. cxd3 h6 24. Kf1 Rd8 25. Rd2 Bb4 26. a3 Nd5 27. Be5
f6 28. Bg3 Nxc3 29. bxc3 Bxc3 30. Rc2 Ba5 31. Rxc6 Rxd3 32. Rxa6 Rxa3 33. Bc7
Ra1+ 34. Ke2 Re1+ 35. Kf3 Bxc7 36. Ra7 Be5 37. Rb7 Rb1 38. Ke4 b4 39. f4 Ba1
40. Kf5 Kh7 41. Ke6 f5 42. Kxf5 b3 43. Ke6 b2 44. f5 Re1+ 45. Kf7 b1=Q 46. Rxb1
Rxb1 47. g4 Rh1 48. Ke6 Rxh3 49. g5 hxg5 50. Kf7 g4 51. f6 gxf6 52. Ke6 g3 53.
Kf5 g2 54. Kg4 g1=Q+ 55. Kxh3 Be5 56. Kh4 Qg5+ 57. Kh3 Qg3# 0-1

[Event "DEM U10/U10w 2014"]
[Site "Magdeburg GER"]
[Date "2014.06.13"]
[Round "10"]
[White "Muths, Lukas"]
[Black "Wu, Luka"]
[Result "1-0"]
[Termination "normal"]
[Board "20"]
[WhiteElo "1248"]
[BlackElo "1433"]
[PlyCount "163"]
[WhiteFideId "12953156"]
[BlackFideId "12977420"]
[EventCountry "GER"]
[EventRounds "11"]
[EventType "swiss"]
[EventDate "2014.06.07"]

1. d4 d5 2. Nf3 Nf6 3. Bf4 e6 4. e3 c5 5. c3 Nc6 6. Nbd2 Be7 7. Bd3 O-O 8. O-O
cxd4 9. exd4 Bd7 10. Ne5 Rc8 11. Ndf3 b5 12. Qe2 b4 13. Rfc1 bxc3 14. bxc3 Qa5
15. Nxd7 Nxd7 16. Bg5 h6 17. Bf4 Ba3 18. Rc2 Ne7 19. Qd2 f5 20. Re1 Rc6 21. Rb1
Rb6 22. Re1 Ng6 23. Bc7 Rc8 24. Bxb6 Nxb6 25. Rxe6 Nf8 26. Re5 Rb8 27. Re1 Nc4
28. Bxc4 dxc4 29. Re5 Qd8 30. h3 Qf6 31. Qf4 Bd6 32. Rce2 Bxe5 33. Qxe5 Rb1+
34. Kh2 Qxe5+ 35. Nxe5 Rb7 36. Rc2 Rc7 37. Rb2 Nd7 38. f4 Nb6 39. Kg3 Nd5 40.
Rc2 Kf8 41. Kf3 Ke7 42. g4 Kf6 43. gxf5 Kxf5 44. Ng4 Nxf4 45. Ne3+ Kg5 46. h4+
Kxh4 47. Kxf4 Rf7+ 48. Ke4 Re7+ 49. Kf3 Rf7+ 50. Ke4 Re7+ 51. Kf3 Rf7+ 52. Kg2
Rc7 53. d5 g5 54. Rc1 g4 55. Rh1+ Kg5 56. Kg3 h5 57. d6 Rf7 58. Rf1 h4+ 59. Kg2
Rd7 60. Rf5+ Kg6 61. Rd5 Kf6 62. Nxc4 Ke6 63. Rg5 Rd8 64. Rxg4 Rc8 65. Rxh4
Rg8+ 66. Kf3 Kd7 67. Rh7+ Kd8 68. d7 Rf8+ 69. Ke4 Rg8 70. Ke5 Rg5+ 71. Kf6 Rd5
72. Ke6 Rd3 73. Rh8+ Kc7 74. Rc8+ Kb7 75. d8=Q Rxd8 76. Rxd8 Ka6 77. Rd6+ Kb5
78. Ne5 a5 79. Rc6 a4 80. Kd5 Ka5 81. Nc4+ Kb5 82. Rb6# 1-0

[Event "DEM U10/U10w 2014"]
[Site "Magdeburg GER"]
[Date "2014.06.13"]
[Round "10"]
[White "Marschall, Tillmann"]
[Black "Weihrauch, Jakob"]
[Result "0-1"]
[Termination "normal"]
[Board "21"]
[WhiteElo "1423"]
[BlackElo "1220"]
[PlyCount "80"]
[WhiteFideId "12973220"]
[BlackFideId "16210115"]
[EventCountry "GER"]
[EventRounds "11"]
[EventType "swiss"]
[EventDate "2014.06.07"]

1. e4 c5 2. c3 d5 3. exd5 Qxd5 4. d4 g6 5. Nf3 Bg7 6. Be2 Nf6 7. Nbd2 O-O 8. c4
Qd6 9. dxc5 Qxc5 10. Nb3 Qc7 11. Qc2 Bf5 12. Qd1 Rd8 13. Nbd2 Ne4 14. O-O Nc6
15. Rb1 Nxd2 16. Bxd2 Bxb1 17. Qxb1 Nd4 18. Nxd4 Bxd4 19. Bd3 Qd6 20. Be4 Bxb2
21. Qxb2 Qxd2 22. Qb3 Rab8 23. Bc2 Qd4 24. Re1 e6 25. Qa4 b5 26. Qa5 Qd2 27.
Qxd2 Rxd2 28. Bb3 bxc4 29. Bxc4 Rbb2 30. Rc1 e5 31. Re1 Rxf2 32. Bf1 Rxa2 33.
Rb1 Rfb2 34. Rc1 e4 35. Re1 Rb4 36. Be2 e3 37. Bf3 Rbb2 38. Bd5 Re2 39. Rd1
Rad2 40. Rxd2 Re1# 0-1

[Event "DEM U10/U10w 2014"]
[Site "Magdeburg GER"]
[Date "2014.06.13"]
[Round "10"]
[White "Breitzmann, Sander"]
[Black "Kamp, Adrian"]
[Result "0-1"]
[Termination "normal"]
[Board "22"]
[WhiteElo "1220"]
[BlackElo "1310"]
[PlyCount "158"]
[WhiteFideId "12987085"]
[BlackFideId "16222466"]
[EventCountry "GER"]
[EventRounds "11"]
[EventType "swiss"]
[EventDate "2014.06.07"]

1. e4 c5 2. Nf3 d6 3. Nc3 Nc6 4. d3 Nf6 5. h3 g6 6. Be3 Bg7 7. Qd2 O-O 8. Be2
Bd7 9. O-O Re8 10. Rfe1 b6 11. Rad1 Rc8 12. Bh6 Bh8 13. Bf1 Ne5 14. Nxe5 dxe5
15. Ne2 Nh5 16. g4 Nf6 17. Ng3 Be6 18. b3 Bg7 19. Bxg7 Kxg7 20. f3 Qd4+ 21. Kh2
Rcd8 22. Re2 b5 23. a3 Rd7 24. h4 Red8 25. g5 Ng8 26. Bh3 Bxh3 27. Kxh3 c4 28.
bxc4 bxc4 29. Re3 Qd6 30. h5 f6 31. hxg6 hxg6 32. gxf6+ Nxf6 33. Rg1 Rh8+ 34.
Kg2 Qe6 35. Kf1 Kf7 36. Qg2 Nh5 37. Nxh5 Rxh5 38. f4 exf4 39. Qf3 Qf6 40. Re2
cxd3 41. cxd3 Rg5 42. Rxg5 Qxg5 43. e5 e6 44. Re4 Kg7 45. Ke2 Rf7 46. d4 Qg3
47. Qxg3 fxg3 48. Rg4 Rf2+ 49. Ke1 Rf3 50. a4 Ra3 51. Kf1 Rxa4 52. Kg2 Ra3 53.
Rf4 a5 54. Rf6 Rd3 55. Rxe6 Rxd4 56. Kxg3 Kf7 57. Ra6 Ra4 58. Rf6+ Kg7 59. Ra6
g5 60. Kf3 Rf4+ 61. Kg3 a4 62. Ra5 Kf7 63. Ra6 Rc4 64. Ra5 Ke6 65. Ra6+ Kxe5
66. Ra5+ Kd4 67. Rxg5 a3 68. Ra5 Rc3+ 69. Kf2 Kd3 70. Ra8 Rc2+ 71. Kf3 a2 72.
Rd8+ Kc3 73. Rc8+ Kb2 74. Rb8+ Kc1 75. Ra8 Kb1 76. Rb8+ Rb2 77. Rd8 a1=Q 78.
Rd1+ Ka2 79. Rxa1+ Kxa1 0-1

[Event "DEM U10/U10w 2014"]
[Site "Magdeburg GER"]
[Date "2014.06.13"]
[Round "10"]
[White "Ackermann, Richard"]
[Black "Gericke, Luis"]
[Result "0-1"]
[Termination "normal"]
[Board "23"]
[WhiteElo "1239"]
[BlackElo "1161"]
[PlyCount "88"]
[WhiteFideId "12987026"]
[BlackFideId "16212525"]
[EventCountry "GER"]
[EventRounds "11"]
[EventType "swiss"]
[EventDate "2014.06.07"]

1. e4 e5 2. Nf3 Nc6 3. Nc3 Nf6 4. Bb5 Bb4 5. Bxc6 dxc6 6. Nxe5 Bxc3 7. bxc3
Nxe4 8. Qe2 Qe7 9. Qxe4 f6 10. d4 fxe5 11. dxe5 O-O 12. O-O Re8 13. f4 Qc5+ 14.
Qe3 Qxe3+ 15. Bxe3 Bf5 16. Rf2 Kf7 17. Rd1 Rad8 18. Rfd2 Rxd2 19. Rxd2 g5 20.
g3 gxf4 21. gxf4 Rg8+ 22. Kf2 Ke6 23. Kf3 Bg4+ 24. Ke4 Bf5+ 25. Kf3 Bg4+ 26.
Kf2 Bh3 27. Ke1 Kf5 28. Rd3 Rg2 29. Rd2 Rxd2 30. Kxd2 Ke4 31. c4 Kf3 32. Kd3
Bf5+ 33. Kd4 c5+ 34. Kd5 Kxe3 35. e6 Kxf4 36. e7 Bd7 37. Kxc5 Kf3 38. Kd5 Kg2
39. Ke5 h5 40. Kf6 h4 41. Kg5 h3 42. Kh4 Kxh2 43. c5 Kg2 44. e8=Q Bxe8 0-1

[Event "DEM U10/U10w 2014"]
[Site "Magdeburg GER"]
[Date "2014.06.13"]
[Round "10"]
[White "Sinnhöfer, Lilian"]
[Black "Lohr, Maximilian"]
[Result "1/2-1/2"]
[Termination "normal"]
[Board "24"]
[WhiteElo "1128"]
[BlackElo "1420"]
[PlyCount "106"]
[WhiteFideId "12977586"]
[BlackFideId "12999717"]
[EventCountry "GER"]
[EventRounds "11"]
[EventType "swiss"]
[EventDate "2014.06.07"]

1. e4 d5 2. exd5 Qxd5 3. Nc3 Qa5 4. d4 c6 5. Nf3 Nf6 6. Bc4 Bf5 7. Bd2 Qc7 8.
Qe2 e6 9. O-O-O Nbd7 10. Rhe1 O-O-O 11. h3 h5 12. Ne5 Nxe5 13. dxe5 Nd7 14. Bf4
Bb4 15. Qe3 Nb6 16. Bb3 c5 17. a3 Ba5 18. Bg5 Rxd1+ 19. Rxd1 c4 20. Ba2 Bxc3
21. Qxc3 Be4 22. g3 Bd5 23. h4 Nd7 24. Bf4 Nf8 25. b3 b5 26. bxc4 bxc4 27. Rd4
Nd7 28. Bxc4 Nb6 29. Ba6+ Kb8 30. Qxc7+ Kxc7 31. Bd2 Bb7 32. Bxb7 Kxb7 33. Ba5
Rc8 34. Bxb6 axb6 35. Rd7+ Rc7 36. Rxc7+ Kxc7 37. Kd2 Kc6 38. f3 Kd5 39. g4
hxg4 40. fxg4 Kxe5 41. Ke3 f5 42. gxf5 exf5 43. h5 f4+ 44. Kf3 Kf5 45. c4 Kg5
46. a4 Kf5 47. c5 bxc5 48. a5 c4 49. a6 c3 50. a7 c2 51. a8=Q c1=Q 52. Qd5+ Kf6
53. Qd6+ Kf7 1/2-1/2

[Event "DEM U10/U10w 2014"]
[Site "Magdeburg GER"]
[Date "2014.06.13"]
[Round "10"]
[White "Diderle, Konstantin"]
[Black "Taras, Simon"]
[Result "0-1"]
[Termination "normal"]
[Board "25"]
[WhiteElo "1103"]
[BlackElo "1319"]
[PlyCount "138"]
[WhiteFideId "12965197"]
[BlackFideId "12970972"]
[EventCountry "GER"]
[EventRounds "11"]
[EventType "swiss"]
[EventDate "2014.06.07"]

1. e4 e6 2. d4 d5 3. Nc3 Bb4 4. exd5 exd5 5. Nf3 Ne7 6. Bf4 Bg4 7. Be2 Nbc6 8.
h3 Bh5 9. Qd2 a6 10. g4 Bg6 11. O-O-O f6 12. Kb1 Qd7 13. Qe3 O-O-O 14. Bg3 Rde8
15. Qd2 Kb8 16. Bd3 Nc8 17. Bxg6 hxg6 18. Qd3 g5 19. a3 Bxc3 20. Qxc3 Nd6 21.
Bxd6 Qxd6 22. Ka2 Re2 23. Rd2 Rhe8 24. Qd3 R2e4 25. c3 Na5 26. b4 Nc4 27. Rc2
Qd7 28. Kb3 Qb5 29. Qd1 Nb6 30. Kb2 Qa4 31. Ka2 Nc4 32. Qc1 Re2 33. Nd2 Qxc2+
34. Qxc2 Rxd2 35. Qxd2 Nxd2 36. Rd1 Ne4 37. Rd3 Nxf2 38. Rf3 Re2+ 39. Kb3 Nd1
40. a4 Re3 41. Rxe3 Nxe3 42. Kb2 Nd1+ 43. Kc2 Nf2 44. Kd2 Nxh3 45. Ke3 Kc8 46.
Kf3 Kd7 47. Ke3 Ke6 48. Kf3 f5 49. Kg3 Nf4 50. Kf3 fxg4+ 51. Kxg4 Kf6 52. Kg3
Ne2+ 53. Kg4 Nxc3 54. Kf3 Nxa4 55. Kg4 Nc3 56. Kf3 Na2 57. Kg4 Nxb4 58. Kf3 a5
59. Kg4 a4 60. Kf3 a3 61. Kg4 a2 62. Kf3 a1=Q 63. Ke3 Qc3+ 64. Ke2 Kf5 65. Kf2
Kf4 66. Ke2 Qe3+ 67. Kf1 Qd2 68. Kg1 Kg3 69. Kh1 Qe1# 0-1

[Event "DEM U10/U10w 2014"]
[Site "Magdeburg GER"]
[Date "2014.06.13"]
[Round "10"]
[White "Memtimin, Esma"]
[Black "Mimkes, Pavel"]
[Result "0-1"]
[Termination "normal"]
[Board "26"]
[WhiteElo "1002"]
[BlackElo "1271"]
[PlyCount "108"]
[WhiteFideId "12993514"]
[BlackFideId "12990833"]
[EventCountry "GER"]
[EventRounds "11"]
[EventType "swiss"]
[EventDate "2014.06.07"]

1. d4 f5 2. c4 Nf6 3. Nc3 g6 4. Bg5 e6 5. e4 fxe4 6. Nxe4 Bg7 7. Nf3 O-O 8. Be2
d6 9. d5 e5 10. O-O Bf5 11. Nfd2 Nbd7 12. Ng3 Qe8 13. Nxf5 gxf5 14. Bxf6 Nxf6
15. Bd3 e4 16. Re1 Qg6 17. Bc2 Rae8 18. Re3 Ng4 19. Rg3 Be5 20. Rh3 Bd4 21.
Nxe4 Rxe4 22. Bxe4 Nxf2 23. Qxd4 Nxh3+ 24. Kh1 Ng5 25. Bd3 b6 26. Re1 Qf7 27.
Qe3 f4 28. Qe7 Qxe7 29. Rxe7 Rf7 30. Rxf7 Nxf7 31. Be4 h6 32. g4 Kg7 33. h4 Kf6
34. Bf3 Ke5 35. Kg2 Kd4 36. Be2 Ke3 37. Kf1 f3 38. Bd1 Ne5 39. g5 hxg5 40. hxg5
Ng4 41. Bxf3 Kxf3 42. g6 Nf6 43. g7 Kg4 44. b4 Kg5 45. a4 Kg6 46. Ke2 Kxg7 47.
Kd3 c5 48. b5 Kg6 49. Ke3 Kf5 50. Kf3 Nxd5 51. cxd5 Ke5 52. Ke3 Kxd5 53. Kd3
c4+ 54. Kd2 Kd4 0-1

[Event "DEM U10/U10w 2014"]
[Site "Magdeburg GER"]
[Date "2014.06.13"]
[Round "10"]
[White "Hommer, Jeremy"]
[Black "Krause, Marc"]
[Result "0-1"]
[Termination "normal"]
[Board "27"]
[WhiteElo "1229"]
[BlackElo "1083"]
[PlyCount "114"]
[WhiteFideId "12992577"]
[BlackFideId "12985724"]
[EventCountry "GER"]
[EventRounds "11"]
[EventType "swiss"]
[EventDate "2014.06.07"]

1. e4 c5 2. Nf3 Nc6 3. d4 cxd4 4. Nxd4 Qb6 5. Nxc6 bxc6 6. b3 e6 7. Bb2 Bc5 8.
Qd2 f6 9. Nc3 Qc7 10. Be2 Ne7 11. f4 O-O 12. O-O-O d5 13. g4 Bd6 14. Rdf1 Ng6
15. f5 Bf4 16. Rxf4 Nxf4 17. Bd1 dxe4 18. Nxe4 Nd5 19. Qd4 e5 20. Qc5 Rd8 21.
Be2 Qb6 22. Qc4 Bb7 23. Ba3 Qc7 24. Rd1 h6 25. Nd6 Rxd6 26. Bxd6 Qxd6 27. Qd3
Qc7 28. Qc4 Rc8 29. Bf3 Kh7 30. b4 Ne3 31. Qd3 Nxd1 32. Qxd1 Rd8 33. Qe2 Qd6
34. b5 Qa3+ 35. Kb1 Qb4+ 36. Kc1 Qc5 37. Be4 Rd4 38. Qf3 Qxb5 39. h4 Qc4 40.
Bd3 Rxd3 41. Qxd3 Qxd3 42. cxd3 Kg8 43. Kc2 Kf7 44. Kc3 Ke7 45. d4 exd4+ 46.
Kxd4 Kd6 47. Ke3 Ke5 48. a3 c5 49. a4 c4 50. a5 Ba6 51. Kd2 Kd4 52. h5 c3+ 53.
Kc1 Be2 54. g5 Kd3 55. a6 c2 56. g6 Bxh5 57. Kb2 Kd2 0-1

[Event "DEM U10/U10w 2014"]
[Site "Magdeburg GER"]
[Date "2014.06.13"]
[Round "10"]
[White "Grünwald, Max"]
[Black "Morgenstern, Tobias"]
[Result "1-0"]
[Termination "normal"]
[Board "29"]
[WhiteElo "1340"]
[BlackElo "1073"]
[PlyCount "75"]
[WhiteFideId "12992283"]
[BlackFideId "12974390"]
[EventCountry "GER"]
[EventRounds "11"]
[EventType "swiss"]
[EventDate "2014.06.07"]

1. e4 e5 2. f4 Nf6 3. Nc3 d5 4. exd5 exf4 5. Bc4 Bc5 6. d4 Bb4 7. Nge2 O-O 8.
Bxf4 Bg4 9. O-O Re8 10. Qd3 Bxe2 11. Nxe2 Nxd5 12. Bxd5 Qxd5 13. Bxc7 Qe6 14.
Nf4 Qf6 15. c4 Nc6 16. d5 Ne5 17. Qg3 Nxc4 18. Nd3 Qd4+ 19. Kh1 Nxb2 20. Be5
Rxe5 21. Qxe5 Qxd3 22. Qxb2 a5 23. a3 Bd6 24. Qxb7 Rf8 25. Rf3 Qd4 26. Raf1 Qe5
27. g3 f6 28. Rf5 Qe4+ 29. R5f3 Bxa3 30. Qb3 Bd6 31. Qd3 Qb4 32. Re3 a4 33.
Rfe1 a3 34. Qe2 Qc5 35. Rd3 Qc4 36. Qe6+ Rf7 37. Qxd6 Qxd3 38. Re8+ 1-0

[Event "DEM U10/U10w 2014"]
[Site "Magdeburg GER"]
[Date "2014.06.13"]
[Round "10"]
[White "Schnabel, Luise"]
[Black "Diederich, Greta"]
[Result "1-0"]
[Termination "normal"]
[Board "30"]
[WhiteElo "1369"]
[BlackElo "1036"]
[PlyCount "117"]
[WhiteFideId "12943347"]
[BlackFideId "12988618"]
[EventCountry "GER"]
[EventRounds "11"]
[EventType "swiss"]
[EventDate "2014.06.07"]

1. e4 e5 2. Nf3 d6 3. d4 exd4 4. Nxd4 Nc6 5. Nc3 Be7 6. Be3 Nf6 7. Bb5 Bd7 8.
O-O O-O 9. a3 Qc8 10. Bxc6 bxc6 11. h3 d5 12. e5 Ne4 13. Nxe4 dxe4 14. Re1 f5
15. exf6 Bxf6 16. c3 Qb7 17. Qc2 Rfe8 18. Bf4 c5 19. Ne2 Rab8 20. b4 c4 21.
Rad1 Bc6 22. Nd4 Bxd4 23. Rxd4 e3 24. f3 Re6 25. Rxe3 Rbe8 26. Rxe6 Rxe6 27.
Rd8+ Be8 28. Qf2 h6 29. Qc5 Re1+ 30. Kf2 Re6 31. Qxc4 Kf7 32. Rxe8 Kxe8 33.
Qxe6+ Kd8 34. Qg8+ Kd7 35. Qxg7+ Kd8 36. Qxc7+ Qxc7 37. Bxc7+ Kxc7 38. g4 Kd6
39. Kg3 Ke5 40. h4 Kf6 41. c4 Ke5 42. f4+ Ke4 43. g5 hxg5 44. fxg5 Kf5 45. c5
a6 46. a4 Ke5 47. h5 Kf5 48. Kh4 Kf4 49. c6 Kf5 50. c7 Kf4 51. c8=Q Ke4 52. g6
Kf4 53. g7 Ke4 54. g8=R Kf4 55. Rg4+ Kf3 56. Qc3+ Kf2 57. Rd4 Ke2 58. Rd2+ Ke1
59. Qc1# 1-0

[Event "DEM U10/U10w 2014"]
[Site "Magdeburg GER"]
[Date "2014.06.13"]
[Round "10"]
[White "Paulsen, Niels-Martin"]
[Black "Mailitis, Ricardo"]
[Result "1-0"]
[Termination "normal"]
[Board "32"]
[WhiteElo "1043"]
[BlackElo "1205"]
[PlyCount "51"]
[WhiteFideId "16214994"]
[BlackFideId "12977535"]
[EventCountry "GER"]
[EventRounds "11"]
[EventType "swiss"]
[EventDate "2014.06.07"]

1. d4 c5 2. e3 e6 3. b3 b6 4. Bb2 Bb7 5. Bd3 Nf6 6. Nf3 Be7 7. Nbd2 O-O 8. O-O
Qc7 9. c4 Na6 10. a3 Rac8 11. Qc2 h6 12. e4 Rfe8 13. e5 Nh5 14. g3 f5 15. Bxf5
exf5 16. Qxf5 Nf6 17. exf6 Bxf6 18. Rfe1 Rf8 19. Qg4 cxd4 20. Nxd4 Nc5 21. Re3
d6 22. Ne6 Qc6 23. Nf3 Bxb2 24. Nxg7 Bxg7 25. Re7 Rc7 26. Qxg7# 1-0

[Event "DEM U10/U10w 2014"]
[Site "Magdeburg GER"]
[Date "2014.06.13"]
[Round "10"]
[White "Kunisch, Nina"]
[Black "Khanbekyan, Areg"]
[Result "0-1"]
[Termination "normal"]
[Board "33"]
[WhiteElo "1201"]
[BlackElo "962"]
[PlyCount "158"]
[WhiteFideId "12982849"]
[BlackFideId "12993727"]
[EventCountry "GER"]
[EventRounds "11"]
[EventType "swiss"]
[EventDate "2014.06.07"]

1. e4 c5 2. Nf3 d6 3. d4 cxd4 4. Nxd4 g6 5. Nc3 Nf6 6. Be3 Bg7 7. f3 O-O 8. Qd2
Nc6 9. O-O-O Bd7 10. g4 Rc8 11. h4 h5 12. gxh5 Nxh5 13. Nde2 Be6 14. Bh6 Nb4
15. Bxg7 Nxg7 16. Kb1 Qa5 17. a3 Nc6 18. Nd5 Qxd2 19. Rxd2 Bxd5 20. exd5 Ne5
21. f4 Nc4 22. Nc3 Nxd2+ 23. Kc1 Nxf1 24. Rxf1 e6 25. Rh1 Rc4 26. Re1 Rxf4 27.
dxe6 fxe6 28. Nb5 Nf5 29. Rxe6 Nxh4 30. Nxd6 Rf1+ 31. Kd2 R8f2+ 32. Kc3 Rf6 33.
Re8+ Rf8 34. Re7 g5 35. Re5 R1f5 36. Nxf5 Rxf5 37. Re7 g4 38. Re4 Rg5 39. Re8+
Kh7 40. Re7+ Rg7 41. Re4 Nf5 42. Re1 g3 43. Rh1+ Kg8 44. Kd3 g2 45. Rg1 Nh4 46.
Ke3 Rf7 47. Ke2 Kg7 48. b4 Kg6 49. c4 Kg5 50. c5 Kg4 51. b5 Kh3 52. a4 Kh2 53.
Rxg2+ Kxg2 54. Kd3 Kf3 55. Kd4 Kf4 56. c6 Nf5+ 57. Kc5 b6+ 58. Kd5 Re7 59. Kc4
Ke4 60. Kc3 Kd5 61. Kb3 Kc5 62. Kc3 Re3+ 63. Kd2 Kb4 64. c7 Re8 65. Kd3 Kxa4
66. Kc4 Rc8 67. Kd5 Rxc7 68. Ke6 Nd4+ 69. Kd6 Nxb5+ 70. Kd5 Re7 71. Kc6 Kb3 72.
Kxb5 a5 73. Kc6 a4 74. Kd6 Re1 75. Kd5 a3 76. Kc6 a2 77. Kb5 a1=Q 78. Kc6 Rc1+
79. Kb5 Qa5# 0-1

[Event "DEM U10/U10w 2014"]
[Site "Magdeburg GER"]
[Date "2014.06.13"]
[Round "10"]
[White "Delgado, Celina"]
[Black "Doan, Lam Phuc"]
[Result "1/2-1/2"]
[Termination "normal"]
[Board "34"]
[WhiteElo "1023"]
[BlackElo "1145"]
[PlyCount "64"]
[WhiteFideId "12993735"]
[EventCountry "GER"]
[EventRounds "11"]
[EventType "swiss"]
[EventDate "2014.06.07"]

1. e4 c5 2. Nf3 g6 3. d4 Bg7 4. c3 cxd4 5. cxd4 d5 6. exd5 Qxd5 7. Nc3 Qd8 8.
Bc4 Nf6 9. h3 O-O 10. O-O a6 11. Re1 b5 12. Bb3 Bb7 13. Bf4 e6 14. Bg5 Nbd7 15.
Ne5 h6 16. Nxd7 Qxd7 17. Bxf6 Bxf6 18. d5 exd5 19. Bxd5 Bxd5 20. Nxd5 Qf5 21.
b3 Rfd8 22. Nxf6+ Qxf6 23. Qe2 Rd7 24. Rad1 Rad8 25. Rxd7 Rxd7 26. Qe8+ Kg7 27.
Qxd7 Qb2 28. Re7 Qc1+ 29. Kh2 Qf4+ 30. Kh1 Qc1+ 31. Kh2 Qf4+ 32. Kg1 Qc1+
1/2-1/2

[Event "DEM U10/U10w 2014"]
[Site "Magdeburg GER"]
[Date "2014.06.13"]
[Round "10"]
[White "Eschner, Fabian"]
[Black "Rudolph, Eva"]
[Result "1/2-1/2"]
[Termination "normal"]
[Board "35"]
[WhiteElo "1018"]
[BlackElo "1129"]
[PlyCount "105"]
[WhiteFideId "16232860"]
[BlackFideId "16200594"]
[EventCountry "GER"]
[EventRounds "11"]
[EventType "swiss"]
[EventDate "2014.06.07"]

1. e4 d5 2. exd5 Qxd5 3. Nc3 Qd6 4. d4 a6 5. Nf3 Nf6 6. Be3 b5 7. Be2 Bb7 8.
Qd2 e6 9. O-O Be7 10. a3 O-O 11. Bf4 Qb6 12. b4 Rd8 13. Qe3 Nd5 14. Nxd5 Rxd5
15. c4 bxc4 16. Bxc4 Rd7 17. Rfd1 Nc6 18. d5 Qxe3 19. Bxe3 exd5 20. Bxd5 Rad8
21. Bb3 Rd3 22. Bc2 Rxd1+ 23. Rxd1 Rxd1+ 24. Bxd1 Kf8 25. Bc2 h6 26. h4 a5 27.
bxa5 Nxa5 28. h5 Bxa3 29. Nd4 Bc5 30. Ne6+ fxe6 31. Bxc5+ Kf7 32. f4 Nc4 33.
Bd3 Nd6 34. Bg6+ Kf6 35. Bd4+ Ke7 36. Bxg7 Nf5 37. Bxf5 exf5 38. Bxh6 Kf7 39.
Bg5 Kg7 40. g3 Bf3 41. h6+ Kh7 42. Kf2 Be4 43. Ke3 c5 44. Kd2 c4 45. Kc3 Bd5
46. Kd4 Bf7 47. Kc3 Be6 48. Kd4 Bd5 49. Kc3 Be6 50. Kd4 Bd5 51. Kc3 Kg6 52. Kd4
Kh7 53. Kc3 1/2-1/2

[Event "DEM U10/U10w 2014"]
[Site "Magdeburg GER"]
[Date "2014.06.13"]
[Round "10"]
[White "Schönweiler, Elisabeth"]
[Black "Neumann, Konstantina"]
[Result "1-0"]
[Termination "normal"]
[Board "36"]
[WhiteElo "1217"]
[BlackElo "1183"]
[PlyCount "101"]
[WhiteFideId "12997005"]
[BlackFideId "16200543"]
[EventCountry "GER"]
[EventRounds "11"]
[EventType "swiss"]
[EventDate "2014.06.07"]

1. e4 e5 2. Bc4 Nf6 3. d3 Nc6 4. Nc3 Bc5 5. Nf3 d6 6. h3 Be6 7. Bb3 O-O 8. Bg5
Qe7 9. Nd5 Bxd5 10. Bxd5 Rab8 11. O-O Rfd8 12. c3 Qd7 13. Bxf6 gxf6 14. b4 Bb6
15. Bxc6 bxc6 16. Nh4 Kh8 17. Nf5 Rg8 18. Kh1 d5 19. a4 a6 20. a5 Ba7 21. Qf3
Rg6 22. Rad1 Rbg8 23. g4 Rg5 24. Rg1 Qe8 25. Rg2 h5 26. Rdg1 Qd8 27. gxh5 dxe4
28. dxe4 Rxg2 29. Rxg2 Rxg2 30. Qxg2 Qf8 31. h6 Qg8 32. Qg7+ Qxg7 33. hxg7+ Kg8
34. Kg2 c5 35. bxc5 Bxc5 36. Kf3 Kh7 37. Ke2 Kg8 38. f3 Bg1 39. Kd3 Bh2 40. Kc4
Bf4 41. Kd5 Kh7 42. c4 Bh6 43. Nxh6 Kxg7 44. Nf5+ Kf8 45. Kc6 Ke8 46. Kxc7 Kf8
47. Kb7 Ke8 48. c5 Kd7 49. c6+ Ke8 50. c7 Kd7 51. c8=Q# 1-0